Statistics for Земље најближе Србији

Click here to take the quiz!

General Stats

  • This quiz has been taken 19 times
  • The average score is 16 of 20

Answer Stats

кмземљи% Correct
38Албанија
100%
0Хрватска
100%
0Бугарска
100%
114Грчка
93%
0Румунија
93%
0Северна
Македонија
93%
0Босна и
Херцеговина
93%
311Италија
86%
187Словенија
86%
0Мађарска
86%
0Црна Гора
79%
218Аустрија
71%
313Турска
71%
333Чешка
71%
485Немачка
71%
189Словачка
64%
284Украјина
64%
435Молдавија
64%
334Пољска
57%
0Косово
50%

Score Distribution

Percentile by Number Answered

Percent of People with Each Score

Your Score History

You have not taken this quiz